000 00443nam a2200181Ia 4500
005 20251124133757.0
008 210417s9999 xx 000 0 und d
020 _a9781632395146
082 _a616.02774 COL
082 _b616.02774 COL
245 0 _aPluripotent stem cells
245 0 _cPluripotent stem cells
260 _aNew York
260 _bCallisto Reference
260 _c2015
700 _a"Collins, Jack "
942 _cREF
999 _c486248
_d486248